Đoạn trường tân thanh dưới cái nhìn Nho gia - Thiền gia
Đoạn trường tân thanh - Dưới cái nhìn Nho gia - Thiền gia thừa hưởng những thành tựu nghiên cứu của các nhà Kiều học, các Thiền sư từ trước tới nay. Tập sách là một công trình tập thể đích thực....
Сохранить в:
| Главный автор: | |
|---|---|
| Формат: | |
| Язык: | Undetermined |
| Опубликовано: |
Tp. Hồ Chí Minh
VH Sài Gòn
2005
|
| Предметы: | |
| Метки: |
Добавить метку
Нет меток, Требуется 1-ая метка записи!
|
| Thư viện lưu trữ: | Trung tâm Học liệu Trường Đại học Cần Thơ |
|---|
| LEADER | 00974nam a2200229Ia 4500 | ||
|---|---|---|---|
| 001 | CTU_97195 | ||
| 008 | 210402s9999 xx 000 0 und d | ||
| 020 | |c 80000 | ||
| 082 | |a 895.922109 | ||
| 082 | |b Gi106 | ||
| 100 | |a Nguyễn, Thạch Giang | ||
| 245 | 0 | |a Đoạn trường tân thanh dưới cái nhìn Nho gia - Thiền gia | |
| 245 | 0 | |c Nguyễn Thạch Giang | |
| 260 | |a Tp. Hồ Chí Minh | ||
| 260 | |b VH Sài Gòn | ||
| 260 | |c 2005 | ||
| 520 | |a Đoạn trường tân thanh - Dưới cái nhìn Nho gia - Thiền gia thừa hưởng những thành tựu nghiên cứu của các nhà Kiều học, các Thiền sư từ trước tới nay. Tập sách là một công trình tập thể đích thực. | ||
| 650 | |a Vietnamese poetry | ||
| 650 | |x History and criticism | ||
| 650 | |y 18th century | ||
| 904 | |i Minh | ||
| 980 | |a Trung tâm Học liệu Trường Đại học Cần Thơ | ||